000 00504nam a2200217 454500
001 060303
003 BD-ChCU
008 Eng
020 _a0826477909
040 _aDLC
_cDLC
_dBD-ChCU
082 0 0 _a370.1/F862p
100 1 _aFreire, Paulo
_bx
245 1 0 _aPedagogy of hope :
_breciving pedagogy of the oppressed
250 _a1ed
260 _aLondon
_bContinuum
_c2005
300 _a215
504 _ax
650 0 _aEducation-Philosophy
_bEducation
700 1 _ax
942 _2ddc
_cBK
999 _c60303
_d60303